00523nam a2200169Ia 4500008004100000082001300041100002900054245005000083250000800133260002500141300001200166500002400178650002400202942000700226952010300233999001700336230524s9999 xx 000 0 und d a612bMOR aClifford T.Morgan924014 2aA Brief Introduction To Psychology (2nd edn.) a2ND aNEW DELHIbTMHc2003 aXII;452 aQuantity Number: 1 aMiscellaneous91877 cBK 00104070aTATCLbTATCLcGENd2023-05-24l0o612 MORp13341r2023-05-24w2023-05-24yBKzBSCP2201 c35562d35562